Biblioteca

Religión y alienación : lectura teológica de la sociología / Gregory Baum ; traducido por J. Valiente Malla (Registro nro. 42669)

Detalles MARC
000 -LÍDER
Campo fijo de descripción fija 011830000a22002050004500
020 ## - NÚMERO INTERNACIONAL NORMALIZADO PARA LIBROS
Número Internacional Normalizado del libro 84-7057-279-2 :
Linkage 4.900
082 04 - NÚMERO DE CLASIFICACIÓN DECIMAL DEWEY
Número de clasificación G 261.5 B3471r
001 - NÚMERO DE CONTROL
Campo de control 13724
100 1# - ASIENTO PRINCIPAL--NOMBRE PERSONAL
Nombre personal Baum, Gregory
245 10 - TÍTULO
Título del Material Religión y alienación : lectura teológica de la sociología / Gregory Baum ; traducido por J. Valiente Malla
260 ## - PUBLICACIÓN, DISTRIBUCIÓN, ETC. (PIE DE IMPRENTA)
Lugar de publicación, distribución, etc. Madrid : Cristiandad
300 ## - DESCRIPCIÓN FÍSICA
Extensión 318 p.
336 ## - CONTENT TYPE
Content type term texto
Content type code txt
Source rdacontent
337 ## - MEDIA TYPE
Source rdamedia
Media type term sin mediación
Media type code n
338 ## - CARRIER TYPE
Source rdacarrier
Carrier type term volumen
Carrier type code nc
500 ## - NOTA GENERAL
Nota General Título original: Religion and alienation a theological reading of sociology
505 00 - NOTA DE CONTENIDO
Nota de contenido con formato preestablecido La religión como fuente de alienación / Hegel -- La religión como producto de alienación / Marx -- Alienación en la sociedad industrial / Ferdinand Toennies -- Ambigüedad de la religión: explicación sociológica -- El descubrimiento del símbolo / Freud y Durkheim -- El debate de la secularización -- La religión creadora: perspectiva de Max Weber -- Teoría crítica -- Desprivatización del psicoanálisis: una digresión -- símbolo y teología -- el cielo como utopía.
650 14 - ASIENTO SECUNDARIO DE MATERIA - TERMINO TEMÁTICO
Término temático o nombre geográfico como elemento de entrada SOCIOLOGIA CRISTIANA \ ALIENACION (TEOLOGIA) \ RELIGION Y SOCIOLOGIA
942 ## - TIPO DE MATERIAL (KOHA)
Tipo de Item KOHA Libros General
Existencias
Estado de Material Estado de Perdido Estado de Dañado No para Préstamo Colección Tomo Biblioteca de Origen Biblioteca Permanente Fecha de Adquisición Total de Préstamos Signatura Topográfica Código de Barras Última vez visto Última vez Préstado Ejemplar/Existencia Fecha de Remplazo Tipo de Material
        Colección General   Biblioteca FUSBC Biblioteca FUSBC 13/09/2010 1 G 261.5 B3471r 2766 12/12/2019 18/04/2018 1 26/01/2016 Libros General

Biblioteca FUSBC | Teléfono: (57+4) 349 88 10 Ext. 141| WhatsApp (+57) 3005338115 
E-mail: biblioteca@unisbc.edu.co | Calle 76 87-14 Robledo Palenque, Medellín, Colombia

Con tecnología Koha